| 000 | 02254cam a22005414i 4500 | ||
|---|---|---|---|
| 003 | PE-LiUPU | ||
| 005 | 20250731173541.0 | ||
| 008 | 150623s r 000 0 d | ||
| 020 | _a0830812660 | ||
| 035 | _a(Sirsi) i9780830812660 | ||
| 040 |
_aPE-LiUPU _bspa _cPE-LiUPU _erda |
||
| 049 | _aPRUA | ||
| 082 | 0 | 4 |
_a248.402 _bD24 _221 |
| 245 | 0 | 0 |
_aDisciple-makers handbook : _bhelping people grow in Christ / _cALice Fryling, editor ; with contributions from J. Michael Basler, Phyllis Le Peau, Meri MacLeod. |
| 264 | 1 |
_aDowners Grove, Illinois : _bInterVarsity Press, _c1989. |
|
| 300 |
_a211 páginas ; _c21 centímetros |
||
| 336 |
_atext _2rdacontent |
||
| 337 |
_aunmediated _2rdamedia |
||
| 338 |
_avolume _2rdacarrier |
||
| 504 | _aIncluye bibliografía. | ||
| 505 | 0 | _aUnderstanding disciplemaking. -Practicing disciplemaking. | |
| 526 | _aSEG42 | ||
| 526 | _aSEG41 | ||
| 526 | _aSEG40 | ||
| 526 | _aSEG39 | ||
| 526 | _aP94 | ||
| 526 | _aP87 | ||
| 526 | _aP86 | ||
| 526 | _aP85 | ||
| 526 | _aP77 | ||
| 526 | _aP76 | ||
| 526 | _aP35 | ||
| 650 | 0 | 4 |
_aDiscipulado (Cristianismo). _9847 |
| 700 | 1 | _aBasler, J. Michael | |
| 700 | 1 |
_aFryling, Alice, _eed. |
|
| 700 | 1 | _aLe Peau, Phyllis J. | |
| 700 | 1 | _aMacLeod, Meri. | |
| 942 |
_2ddc _cBOOK |
||
| 949 |
_a248.4 D24 _wDEWEY _c1 _i42591 _lCCODEBUL1 _mBUL _r0 _sY _tBOOK _u2015-4-23 _xTEOLOGIA _zUNKNOWN _0COMPRA _o.STAFF. Colección General |
||
| 949 |
_a248.4 D24 _wDEWEY _c2 _i50757 _lCCODEBUL1 _mBUL _r0 _sY _tBOOK _u2015-6-16 _xTEOLOGIA _zUNKNOWN _0COMPRA _o.STAFF. Colección General |
||
| 949 |
_a248.402 D24 _wDEWEY _c1 _i47374 _lCCODEBUL1 _mBUL _r0 _sY _tBOOK _u2015-6-24 _xTEOLOGIA _PP35 _0COMPRA _o.STAFF. Colección General |
||
| 994 |
_aC0 _bPEPRU |
||
| 596 | _a1 | ||
| 999 |
_a248.4 D24 _wDEWEY _c60427 _i42591 _f2021-11-11 _g5 _lCCODEBUL1 _mBUL _r0 _sY _tBOOK _u2015-4-23 _xTEOLOGIA _zUNKNOWN _0COMPRA _o.STAFF. Colección General _d60427 |
||
| 999 |
_a248.4 D24 _wDEWEY _c2 _i50757 _f2021-11-11 _g5 _lCCODEBUL1 _mBUL _r0 _sY _tBOOK _u2015-6-16 _xTEOLOGIA _zUNKNOWN _0COMPRA _o.STAFF. Colección General |
||
| 999 |
_a248.402 D24 _wDEWEY _c1 _i47374 _f2021-11-11 _g5 _lCCODEBUL1 _mBUL _r0 _sY _tBOOK _u2015-6-24 _xTEOLOGIA _PP35 _0COMPRA _o.STAFF. Colección General |
||
| 980 |
_81 _gALBERTO SANCHEZ Responsable de Automatización |
||